000 00580nam a2200181Ia 4500
008 090630s9999 xx 000 0 und d
082 _b24291
100 _aबर्वे राजेंद्र.
245 _aस्कायलॅब.
_cबर्वे राजेंद्र.
260 _bग्रंथघर.
300 _a0
600 _aबर्वे राजेंद्र.
630 _aस्कायलॅब.
655 _aइतर.
700 _aबर्वे राजेंद्र.
730 _aस्कायलॅब.
942 _cBOOK
999 _c276147
_d276147